[Event "European Senior Team Championship 2021"]
[Site "Don Giovanni hotel, Vinohradska 2733, Prague, Czech Republic"]
[Date "2021.09.04"]
[Round "6"]
[Board "2"]
[White "Bartos, Jan"]
[Black "Malinovsky, Petr"]
[Result "1-0"]
[WhiteElo "2112"]
[BlackElo "2076"]
[PlyCount "0"]
[EventDate "2021.08.30"]
[EventType "team"]
[EventRounds "9"]
[EventCountry "ECX"]
[WhiteTeam "SK SLAVOJ LITOMERICE"]
[BlackTeam "SK BOHEMIA PARDUBICE"]

1. e4 {[%clk 1:30:58]} c5 {[%clk 1:30:52]} 2. Nc3 {[%clk 1:31:25]} g6
{[%clk 1:30:21]} 3. d4 {[%clk 1:31:50]} cxd4 {[%clk 1:29:58]} 4. Qxd4
{[%clk 1:32:15]} Nf6 {[%clk 1:25:54]} 5. Nf3 {[%clk 1:32:31]} Nc6
{[%clk 1:25:28]} 6. Qa4 {[%clk 1:32:57]} Bg7 {[%clk 1:23:21]} 7. e5
{[%clk 1:33:17]} Ng8 {[%clk 1:23:30]} 8. Bf4 {[%clk 1:33:02]} Nh6
{[%clk 1:23:00]} 9. h3 {[%clk 1:29:35]} O-O {[%clk 1:22:45]} 10. O-O-O
{[%clk 1:29:24]} b5 {[%clk 1:21:12]} 11. Bxb5 {[%clk 1:28:07]} Bb7
{[%clk 1:19:29]} 12. Rhe1 {[%clk 1:24:40]} a6 {[%clk 1:09:11]} 13. Bf1
{[%clk 1:18:12]} Nb8 {[%clk 1:02:27]} 14. Nd5 {[%clk 1:07:54]} Bc6
{[%clk 1:01:46]} 15. Qa3 {[%clk 1:07:58]} Re8 {[%clk 0:55:53]} 16. g4
{[%clk 1:03:44]} a5 {[%clk 0:55:00]} 17. Qe3 {[%clk 1:03:56]} Na6
{[%clk 0:44:41]} 18. Bxh6 {[%clk 1:04:04]} Nb4 {[%clk 0:44:14]} 19. Bc4
{[%clk 1:03:26]} Bh8 {[%clk 0:40:22]} 20. Nxb4 {[%clk 1:02:45]} axb4
{[%clk 0:40:03]} 21. e6 {[%clk 1:02:46]} Bxb2+ {[%clk 0:38:41]} 22. Kxb2
{[%clk 1:03:07]}  1-0

[Event "European Senior Team Championship 2021"]
[Site "Don Giovanni hotel, Vinohradska 2733, Prague, Czech Republic"]
[Date "2021.09.04"]
[Round "6"]
[Board "3"]
[White "Vodicka, Pavel"]
[Black "Kozak, Milos"]
[Result "1/2-1/2"]
[WhiteElo "1915"]
[BlackElo "2103"]
[PlyCount "0"]
[EventDate "2021.08.30"]
[EventType "team"]
[EventRounds "9"]
[EventCountry "ECX"]
[WhiteTeam "SK BOHEMIA PARDUBICE"]
[BlackTeam "SK SLAVOJ LITOMERICE"]

1. d4 {[%clk 1:30:57]} Nf6 {[%clk 1:30:55]} 2. c4 {[%clk 1:31:19]} e6
{[%clk 1:31:13]} 3. Nf3 {[%clk 1:31:15]} b6 {[%clk 1:30:12]} 4. a3
{[%clk 1:31:19]} Bb7 {[%clk 1:30:33]} 5. Nc3 {[%clk 1:31:44]} d5 {[%clk 1:30:50]}
6. Bg5 {[%clk 1:30:56]} Be7 {[%clk 1:30:42]} 7. cxd5 {[%clk 1:30:33]} exd5
{[%clk 1:30:23]} 8. e3 {[%clk 1:30:37]} O-O {[%clk 1:30:09]} 9. Bd3
{[%clk 1:30:36]} Nbd7 {[%clk 1:23:22]} 10. O-O {[%clk 1:29:56]} h6
{[%clk 1:14:24]} 11. Bh4 {[%clk 1:28:31]} c5 {[%clk 1:13:21]} 12. Rc1
{[%clk 1:23:49]} Ne4 {[%clk 1:09:14]} 13. Bxe7 {[%clk 1:22:22]} Qxe7
{[%clk 1:09:42]} 14. Qe2 {[%clk 1:22:02]} a6 {[%clk 1:02:15]} 15. Rfd1
{[%clk 1:04:43]} Rfd8 {[%clk 0:45:00]} 16. h3 {[%clk 1:04:15]} Nxc3
{[%clk 0:35:12]} 17. Rxc3 {[%clk 1:03:36]} c4 {[%clk 0:35:16]} 18. Bf5
{[%clk 1:00:50]} Nf8 {[%clk 0:35:20]} 19. Ne5 {[%clk 1:00:28]} b5
{[%clk 0:34:37]} 20. Qg4 {[%clk 0:54:21]} Qg5 {[%clk 0:31:29]} 21. Qf3
{[%clk 0:49:21]} Qe7 {[%clk 0:31:12]}  1/2-1/2

[Event "European Senior Team Championship 2021"]
[Site "Don Giovanni hotel, Vinohradska 2733, Prague, Czech Republic"]
[Date "2021.09.04"]
[Round "6"]
[Board "4"]
[White "Sura, Jaroslav"]
[Black "Danek, Pavel"]
[Result "1-0"]
[WhiteElo "2004"]
[BlackElo "1870"]
[PlyCount "0"]
[EventDate "2021.08.30"]
[EventType "team"]
[EventRounds "9"]
[EventCountry "ECX"]
[WhiteTeam "SK SLAVOJ LITOMERICE"]
[BlackTeam "SK BOHEMIA PARDUBICE"]

1. f4 {[%clk 1:30:57]} e6 {[%clk 1:30:49]} 2. Nf3 {[%clk 1:30:53]} d5
{[%clk 1:31:00]} 3. e3 {[%clk 1:31:06]} f5 {[%clk 1:31:22]} 4. b3
{[%clk 1:31:01]} Nf6 {[%clk 1:31:44]} 5. Bb2 {[%clk 1:31:21]} Be7
{[%clk 1:31:50]} 6. Ne5 {[%clk 1:27:09]} O-O {[%clk 1:32:01]} 7. Be2
{[%clk 1:26:16]} Nbd7 {[%clk 1:30:48]} 8. O-O {[%clk 1:26:19]} c6
{[%clk 1:27:28]} 9. Qe1 {[%clk 1:22:35]} Nxe5 {[%clk 1:27:11]} 10. fxe5
{[%clk 1:21:43]} Nd7 {[%clk 1:26:34]} 11. Qg3 {[%clk 1:20:24]} Kh8
{[%clk 1:20:43]} 12. d3 {[%clk 1:20:16]} b6 {[%clk 1:08:34]} 13. Nd2
{[%clk 1:20:01]} Bb7 {[%clk 1:06:12]} 14. e4 {[%clk 1:05:21]} g6 {[%clk 0:50:54]}
15. exd5 {[%clk 1:01:50]} cxd5 {[%clk 0:50:50]} 16. c4 {[%clk 0:56:17]} Nc5
{[%clk 0:42:27]} 17. d4 {[%clk 0:53:07]} Ne4 {[%clk 0:39:23]} 18. Nxe4
{[%clk 0:48:52]} fxe4 {[%clk 0:34:32]} 19. Bg4 {[%clk 0:47:53]} Rxf1+
{[%clk 0:29:19]} 20. Rxf1 {[%clk 0:48:04]} Qg8 {[%clk 0:28:32]} 21. Qh3
{[%clk 0:42:16]} Rf8 {[%clk 0:27:21]} 22. Bxe6 {[%clk 0:37:18]} Rxf1+
{[%clk 0:27:41]} 23. Kxf1 {[%clk 0:37:44]} Qf8+ {[%clk 0:27:51]} 24. Ke2
{[%clk 0:36:56]} Qf4 {[%clk 0:19:22]} 25. Qg3 {[%clk 0:34:15]} Qh6
{[%clk 0:19:24]} 26. Bxd5 {[%clk 0:31:03]} Qh5+ {[%clk 0:16:09]} 27. Kd2
{[%clk 0:27:48]} Qh6+ {[%clk 0:12:36]} 28. Kc2 {[%clk 0:24:41]} Bh4
{[%clk 0:05:27]} 29. Bc1 {[%clk 0:22:23]} Qh5 {[%clk 0:04:41]} 30. Qf4
{[%clk 0:18:45]} Bxd5 {[%clk 0:03:46]} 31. cxd5 {[%clk 0:18:17]} Qe2+
{[%clk 0:03:33]} 32. Qd2 {[%clk 0:16:58]} Qb5 {[%clk 0:03:36]} 33. d6
{[%clk 0:16:02]} Qf1 {[%clk 0:02:44]} 34. g3 {[%clk 0:14:41]} Bg5
{[%clk 0:02:07]} 35. Qxg5 {[%clk 0:10:57]} Qd3+ {[%clk 0:02:22]} 36. Kb2
{[%clk 0:11:13]} Qxd4+ {[%clk 0:02:35]} 37. Kb1 {[%clk 0:11:09]} Qd3+
{[%clk 0:01:48]} 38. Ka1 {[%clk 0:11:09]} Kg8 {[%clk 0:00:43]} 39. Qd2
{[%clk 0:10:42]} Qb5 {[%clk 0:00:53]} 40. d7 {[%clk 0:10:27]} Qxe5+
{[%clk 0:01:21]} 41. Bb2 {[%clk 0:10:40]}  1-0

[Event "European Senior Team Championship 2021"]
[Site "Don Giovanni hotel, Vinohradska 2733, Prague, Czech Republic"]
[Date "2021.09.04"]
[Round "6"]
[Board "1"]
[White "Haba, Petr"]
[Black "Kachiani-Gersinska, Ketino"]
[Result "1/2-1/2"]
[WhiteElo "2444"]
[BlackElo "2318"]
[PlyCount "0"]
[EventDate "2021.08.30"]
[EventType "team"]
[EventRounds "9"]
[EventCountry "ECX"]
[WhiteTeam "CZECH REPUBLIC"]
[BlackTeam "GERMANY 1 WOMEN"]

1. e4 {[%clk 1:30:47]} c6 {[%clk 1:29:32]} 2. d4 {[%clk 1:31:04]} d5
{[%clk 1:29:56]} 3. e5 {[%clk 1:31:16]} Bf5 {[%clk 1:30:14]} 4. Nf3
{[%clk 1:31:24]} e6 {[%clk 1:29:51]} 5. Be2 {[%clk 1:31:42]} Nd7 {[%clk 1:25:37]}
6. O-O {[%clk 1:31:48]} Bg6 {[%clk 1:24:48]} 7. Nbd2 {[%clk 1:31:53]} Nh6
{[%clk 1:23:27]} 8. Nb3 {[%clk 1:32:07]} Nf5 {[%clk 1:18:29]} 9. a4
{[%clk 1:32:07]} h5 {[%clk 1:08:49]} 10. a5 {[%clk 1:29:59]} a6 {[%clk 1:09:00]}
11. c4 {[%clk 1:26:13]} Be7 {[%clk 1:08:24]} 12. cxd5 {[%clk 1:19:48]} cxd5
{[%clk 1:07:25]} 13. Ne1 {[%clk 1:19:59]} h4 {[%clk 1:02:08]} 14. Nd3
{[%clk 1:20:06]} Rc8 {[%clk 0:59:31]} 15. Bd2 {[%clk 1:17:12]} O-O
{[%clk 0:55:18]} 16. Nf4 {[%clk 1:11:41]} Bh7 {[%clk 0:53:19]} 17. Bd3
{[%clk 1:12:00]} Nb8 {[%clk 0:47:22]} 18. Qb1 {[%clk 1:09:18]} Nc6
{[%clk 0:44:16]} 19. g4 {[%clk 1:03:58]} hxg3 {[%clk 0:44:33]} 20. hxg3
{[%clk 1:04:23]} Bg5 {[%clk 0:44:14]} 21. Kg2 {[%clk 1:03:50]} Bxf4
{[%clk 0:42:20]} 22. gxf4 {[%clk 0:55:48]} Nh4+ {[%clk 0:36:41]} 23. Kh3
{[%clk 0:49:12]} Bf5+ {[%clk 0:33:33]} 24. Kg3 {[%clk 0:44:06]} Bxd3
{[%clk 0:23:28]} 25. Qxd3 {[%clk 0:44:31]} Nf5+ {[%clk 0:23:53]} 26. Kg2
{[%clk 0:37:54]} Nh4+ {[%clk 0:21:14]} 27. Kg3 {[%clk 0:37:30]} Nf5+
{[%clk 0:21:39]} 28. Kg2 {[%clk 0:37:56]} Nh4+ {[%clk 0:22:04]}  1/2-1/2

[Event "European Senior Team Championship 2021"]
[Site "Don Giovanni hotel, Vinohradska 2733, Prague, Czech Republic"]
[Date "2021.09.04"]
[Round "6"]
[Board "2"]
[White "Leib, Britta"]
[Black "Vokac, Marek"]
[Result "0-1"]
[WhiteElo "1916"]
[BlackElo "2370"]
[PlyCount "0"]
[EventDate "2021.08.30"]
[EventType "team"]
[EventRounds "9"]
[EventCountry "ECX"]
[WhiteTeam "GERMANY 1 WOMEN"]
[BlackTeam "CZECH REPUBLIC"]

1. e4 {[%clk 1:30:55]} g6 {[%clk 1:30:44]} 2. Nc3 {[%clk 1:31:05]} Bg7
{[%clk 1:31:08]} 3. Nge2 {[%clk 1:31:02]} c6 {[%clk 1:29:01]} 4. g3
{[%clk 1:30:39]} d5 {[%clk 1:29:25]} 5. exd5 {[%clk 1:27:39]} cxd5
{[%clk 1:29:50]} 6. d4 {[%clk 1:27:48]} Nf6 {[%clk 1:28:51]} 7. Bg2
{[%clk 1:27:27]} O-O {[%clk 1:28:47]} 8. O-O {[%clk 1:27:32]} Nc6
{[%clk 1:29:11]} 9. h3 {[%clk 1:26:20]} a6 {[%clk 1:26:15]} 10. Be3
{[%clk 1:23:14]} b5 {[%clk 1:20:20]} 11. a3 {[%clk 1:20:59]} Bb7 {[%clk 1:15:24]}
12. Qd2 {[%clk 1:14:25]} e5 {[%clk 1:09:36]} 13. dxe5 {[%clk 1:11:04]} Nxe5
{[%clk 1:10:01]} 14. Bg5 {[%clk 1:06:10]} Nc4 {[%clk 1:06:13]} 15. Qc1
{[%clk 1:05:02]} Rc8 {[%clk 1:00:58]} 16. Rd1 {[%clk 1:02:22]} Re8
{[%clk 0:48:30]} 17. Nxd5 {[%clk 0:34:27]} Bxd5 {[%clk 0:48:29]} 18. Bxd5
{[%clk 0:34:49]} Qxd5 {[%clk 0:31:46]} 19. Rxd5 {[%clk 0:22:01]} Nxd5
{[%clk 0:32:13]} 20. Nf4 {[%clk 0:22:20]} Bxb2 {[%clk 0:26:03]} 21. Qf1
{[%clk 0:19:54]} Nd2 {[%clk 0:21:57]} 22. Nxd5 {[%clk 0:18:08]} Nxf1
{[%clk 0:22:21]} 23. Rxf1 {[%clk 0:18:26]} Kg7 {[%clk 0:21:08]} 24. Be3
{[%clk 0:18:02]} Rxc2 {[%clk 0:19:19]} 25. Nb4 {[%clk 0:13:52]} Rc4
{[%clk 0:19:45]} 26. Nxa6 {[%clk 0:12:18]} Bxa3 {[%clk 0:20:12]} 27. Ra1
{[%clk 0:11:27]} Bd6 {[%clk 0:20:35]} 28. Rd1 {[%clk 0:10:01]} Rc6
{[%clk 0:19:47]}  0-1

[Event "European Senior Team Championship 2021"]
[Site "Don Giovanni hotel, Vinohradska 2733, Prague, Czech Republic"]
[Date "2021.09.04"]
[Round "6"]
[Board "3"]
[White "Polasek, Jaroslav"]
[Black "Beltz, Martina"]
[Result "1-0"]
[WhiteElo "2400"]
[BlackElo "1922"]
[PlyCount "0"]
[EventDate "2021.08.30"]
[EventType "team"]
[EventRounds "9"]
[EventCountry "ECX"]
[WhiteTeam "CZECH REPUBLIC"]
[BlackTeam "GERMANY 1 WOMEN"]

1. e4 {[%clk 1:30:56]} c5 {[%clk 1:30:57]} 2. c3 {[%clk 1:31:10]} d5
{[%clk 1:31:04]} 3. exd5 {[%clk 1:31:35]} Qxd5 {[%clk 1:31:25]} 4. d4
{[%clk 1:32:01]} Nc6 {[%clk 1:31:43]} 5. Nf3 {[%clk 1:32:19]} e6 {[%clk 1:31:55]}
6. Be3 {[%clk 1:25:49]} cxd4 {[%clk 1:29:12]} 7. cxd4 {[%clk 1:26:01]} Nf6
{[%clk 1:29:01]} 8. Nc3 {[%clk 1:26:28]} Qd8 {[%clk 1:22:49]} 9. Bd3
{[%clk 1:20:50]} Be7 {[%clk 1:22:44]} 10. O-O {[%clk 1:21:16]} O-O
{[%clk 1:22:56]} 11. Re1 {[%clk 1:16:38]} b6 {[%clk 1:21:34]} 12. a3
{[%clk 1:13:24]} Bb7 {[%clk 1:21:28]} 13. Bc2 {[%clk 1:13:14]} Rc8
{[%clk 1:15:20]} 14. Qd3 {[%clk 1:12:42]} g6 {[%clk 1:14:49]} 15. Bh6
{[%clk 1:11:34]} Re8 {[%clk 1:15:17]} 16. Rad1 {[%clk 1:11:21]} Bf8
{[%clk 1:09:43]} 17. Bg5 {[%clk 1:11:00]} Be7 {[%clk 1:04:58]} 18. h4
{[%clk 0:55:34]} Nd5 {[%clk 0:46:56]} 19. Nxd5 {[%clk 0:53:40]} Qxd5
{[%clk 0:47:22]} 20. Bb3 {[%clk 0:54:03]} Qd6 {[%clk 0:44:35]} 21. d5
{[%clk 0:52:15]} exd5 {[%clk 0:35:21]} 22. Bxd5 {[%clk 0:51:47]} Rcd8
{[%clk 0:28:22]} 23. Qb3 {[%clk 0:43:08]} Kg7 {[%clk 0:11:09]} 24. Bxc6
{[%clk 0:41:19]} Qxc6 {[%clk 0:11:01]} 25. Rxe7 {[%clk 0:41:18]}  1-0

[Event "European Senior Team Championship 2021"]
[Site "Don Giovanni hotel, Vinohradska 2733, Prague, Czech Republic"]
[Date "2021.09.04"]
[Round "6"]
[Board "4"]
[White "Birkholz, Olga"]
[Black "Konopka, Michal"]
[Result "0-1"]
[WhiteElo "2018"]
[BlackElo "2368"]
[PlyCount "0"]
[EventDate "2021.08.30"]
[EventType "team"]
[EventRounds "9"]
[EventCountry "ECX"]
[WhiteTeam "GERMANY 1 WOMEN"]
[BlackTeam "CZECH REPUBLIC"]

1. Nf3 {[%clk 1:30:57]} Nf6 {[%clk 1:29:44]} 2. g3 {[%clk 1:31:26]} d5
{[%clk 1:29:10]} 3. Bg2 {[%clk 1:31:54]} g6 {[%clk 1:28:58]} 4. d4
{[%clk 1:31:44]} Bg7 {[%clk 1:29:19]} 5. O-O {[%clk 1:32:11]} O-O
{[%clk 1:29:36]} 6. c3 {[%clk 1:32:35]} c5 {[%clk 1:23:57]} 7. Bf4
{[%clk 1:29:08]} cxd4 {[%clk 1:15:39]} 8. Bxb8 {[%clk 1:22:23]} Rxb8
{[%clk 1:15:28]} 9. Qxd4 {[%clk 1:21:01]} Qa5 {[%clk 1:09:32]} 10. Nbd2
{[%clk 1:19:09]} Ne4 {[%clk 1:00:20]} 11. Nb3 {[%clk 1:16:11]} Bxd4
{[%clk 0:54:29]} 12. Nxa5 {[%clk 1:16:39]} Bb6 {[%clk 0:51:27]} 13. Nb3
{[%clk 1:16:59]} Bg4 {[%clk 0:44:18]} 14. e3 {[%clk 1:17:00]} f6 {[%clk 0:41:15]}
15. h3 {[%clk 1:14:09]} Be6 {[%clk 0:37:56]} 16. Nbd2 {[%clk 1:10:55]} Nd6
{[%clk 0:31:43]} 17. Rfe1 {[%clk 1:10:03]} Bf7 {[%clk 0:31:24]} 18. a4
{[%clk 1:06:52]} a5 {[%clk 0:28:42]} 19. Bf1 {[%clk 1:05:04]} e5 {[%clk 0:27:36]}
20. Kg2 {[%clk 1:04:43]} Rbc8 {[%clk 0:26:19]} 21. Kh2 {[%clk 0:58:56]} Rfd8
{[%clk 0:26:26]} 22. Rac1 {[%clk 0:55:39]} Kg7 {[%clk 0:24:32]} 23. Be2
{[%clk 0:55:34]} Be8 {[%clk 0:18:51]} 24. b3 {[%clk 0:54:31]} Ne4
{[%clk 0:10:35]} 25. Nxe4 {[%clk 0:45:32]} dxe4 {[%clk 0:11:01]} 26. Ng1
{[%clk 0:45:58]} Rd2 {[%clk 0:11:22]} 27. Kg2 {[%clk 0:45:50]} f5
{[%clk 0:07:18]} 28. Kf1 {[%clk 0:44:59]} f4 {[%clk 0:03:22]} 29. gxf4
{[%clk 0:37:58]} exf4 {[%clk 0:03:48]} 30. exf4 {[%clk 0:37:30]} Bc6
{[%clk 0:04:03]} 31. Red1 {[%clk 0:37:07]} Rb2 {[%clk 0:04:10]} 32. Rb1
{[%clk 0:37:11]} Rc2 {[%clk 0:04:01]} 33. Rbc1 {[%clk 0:37:40]} Rb2
{[%clk 0:04:12]} 34. Rb1 {[%clk 0:38:08]} Rxb1 {[%clk 0:04:37]} 35. Rxb1
{[%clk 0:38:32]} Rf8 {[%clk 0:05:02]} 36. Rb2 {[%clk 0:30:30]} Rxf4
{[%clk 0:05:23]} 37. Bd1 {[%clk 0:30:42]} g5 {[%clk 0:05:07]} 38. Ke1
{[%clk 0:30:48]} Kg6 {[%clk 0:04:24]} 39. Rd2 {[%clk 0:29:45]} Bc5
{[%clk 0:04:32]} 40. Re2 {[%clk 0:29:40]} h5 {[%clk 0:04:31]} 41. Bc2
{[%clk 0:29:03]} Kf6 {[%clk 0:04:42]} 42. Bd1 {[%clk 0:27:11]} Kg6
{[%clk 0:00:58]} 43. Bc2 {[%clk 0:21:20]} Kf6 {[%clk 0:29:05]} 44. Bd1
{[%clk 0:50:16]} g4 {[%clk 0:26:59]} 45. hxg4 {[%clk 0:49:13]} hxg4
{[%clk 0:26:43]} 46. Bc2 {[%clk 0:46:45]} Kg5 {[%clk 0:26:16]} 47. Bd1
{[%clk 0:44:38]} Kh4 {[%clk 0:25:25]} 48. Bc2 {[%clk 0:44:42]} g3
{[%clk 0:24:47]} 49. fxg3+ {[%clk 0:45:10]} Kxg3 {[%clk 0:25:09]}  0-1

[Event "European Senior Team Championship 2021"]
[Site "Don Giovanni hotel, Vinohradska 2733, Prague, Czech Republic"]
[Date "2021.09.04"]
[Round "6"]
[Board "1"]
[White "Hubeny, Pavel"]
[Black "Svanda, Pavel"]
[Result "0-1"]
[WhiteElo "1763"]
[BlackElo "2081"]
[PlyCount "0"]
[EventDate "2021.08.30"]
[EventType "team"]
[EventRounds "9"]
[EventCountry "ECX"]
[WhiteTeam "MAKKABI BOSKOVICE"]
[BlackTeam "KSS VYSOCINA"]

1. e4 {[%clk 1:30:13]} e5 {[%clk 1:30:46]} 2. Nf3 {[%clk 1:30:40]} Nf6
{[%clk 1:31:11]} 3. d3 {[%clk 1:31:01]} Nc6 {[%clk 1:31:07]} 4. Bg5
{[%clk 1:31:22]} Be7 {[%clk 1:25:05]} 5. c3 {[%clk 1:31:30]} d5 {[%clk 1:25:01]}
6. Nbd2 {[%clk 1:31:46]} Be6 {[%clk 1:21:52]} 7. Be2 {[%clk 1:31:34]} a5
{[%clk 1:17:11]} 8. O-O {[%clk 1:31:25]} O-O {[%clk 1:17:35]} 9. Bxf6
{[%clk 1:31:30]} Bxf6 {[%clk 1:17:53]} 10. exd5 {[%clk 1:31:48]} Bxd5
{[%clk 1:17:10]} 11. Ne4 {[%clk 1:32:12]} Be7 {[%clk 1:17:27]} 12. c4
{[%clk 1:32:29]} Be6 {[%clk 1:17:47]} 13. a3 {[%clk 1:32:43]} f5 {[%clk 1:10:19]}
14. Nc3 {[%clk 1:33:02]} Bf6 {[%clk 1:09:57]} 15. Qc2 {[%clk 1:32:30]} Qd7
{[%clk 1:06:43]} 16. Nb5 {[%clk 1:32:10]} Rae8 {[%clk 0:54:38]} 17. Rfd1
{[%clk 1:30:56]} Bf7 {[%clk 0:50:00]} 18. Rab1 {[%clk 1:30:21]} Qe7
{[%clk 0:49:03]} 19. Ne1 {[%clk 1:30:03]} Rd8 {[%clk 0:41:13]} 20. Bf3
{[%clk 1:30:01]} Rfe8 {[%clk 0:41:30]} 21. Bxc6 {[%clk 1:29:54]} bxc6
{[%clk 0:41:55]} 22. Nc3 {[%clk 1:30:17]} Bg6 {[%clk 0:41:55]} 23. Qa4
{[%clk 1:30:15]} Qc5 {[%clk 0:41:08]} 24. b4 {[%clk 1:29:36]} axb4
{[%clk 0:41:30]} 25. axb4 {[%clk 1:29:55]} Qd4 {[%clk 0:39:46]} 26. Ne2
{[%clk 1:30:16]} Qd7 {[%clk 0:36:16]} 27. f3 {[%clk 1:29:23]} Ra8
{[%clk 0:32:24]} 28. Qb3 {[%clk 1:29:38]} Qe7 {[%clk 0:32:03]} 29. Nc3
{[%clk 1:29:25]} Ra7 {[%clk 0:29:04]} 30. Ra1 {[%clk 1:29:05]} Rxa1
{[%clk 0:29:14]} 31. Rxa1 {[%clk 1:29:28]} e4 {[%clk 0:29:40]} 32. dxe4
{[%clk 1:29:07]} fxe4 {[%clk 0:30:04]} 33. Rd1 {[%clk 1:28:35]} exf3
{[%clk 0:30:08]} 34. Nxf3 {[%clk 1:27:37]} Qe3+ {[%clk 0:30:25]} 35. Kf1
{[%clk 1:27:43]} Bd3+ {[%clk 0:30:30]}  0-1

[Event "European Senior Team Championship 2021"]
[Site "Don Giovanni hotel, Vinohradska 2733, Prague, Czech Republic"]
[Date "2021.09.04"]
[Round "6"]
[Board "2"]
[White "Miculka, Petr"]
[Black "Zemanek, Jan"]
[Result "1-0"]
[WhiteElo "2081"]
[BlackElo "1860"]
[PlyCount "0"]
[EventDate "2021.08.30"]
[EventType "team"]
[EventRounds "9"]
[EventCountry "ECX"]
[WhiteTeam "KSS VYSOCINA"]
[BlackTeam "MAKKABI BOSKOVICE"]

1. e4 {[%clk 1:30:57]} c5 {[%clk 1:30:36]} 2. Nf3 {[%clk 1:30:51]} d6
{[%clk 1:30:51]} 3. c3 {[%clk 1:30:25]} g6 {[%clk 1:27:43]} 4. d4
{[%clk 1:29:57]} cxd4 {[%clk 1:27:37]} 5. cxd4 {[%clk 1:30:21]} Bg7
{[%clk 1:27:40]} 6. Bc4 {[%clk 1:30:01]} e6 {[%clk 1:25:30]} 7. O-O
{[%clk 1:28:11]} Nf6 {[%clk 1:21:31]} 8. Nc3 {[%clk 1:27:54]} O-O
{[%clk 1:21:45]} 9. Bb3 {[%clk 1:25:21]} a6 {[%clk 1:19:53]} 10. a4
{[%clk 1:24:36]} b6 {[%clk 1:19:36]} 11. Qe2 {[%clk 1:23:01]} Bb7
{[%clk 1:18:52]} 12. Bg5 {[%clk 1:19:03]} Qe8 {[%clk 1:16:50]} 13. Rfe1
{[%clk 1:11:52]} Nbd7 {[%clk 0:56:08]} 14. h3 {[%clk 1:02:32]} e5
{[%clk 0:53:20]} 15. Rad1 {[%clk 1:00:49]} h6 {[%clk 0:30:40]} 16. Bh4
{[%clk 0:58:34]} g5 {[%clk 0:19:45]} 17. Bg3 {[%clk 0:55:45]} Qe7
{[%clk 0:15:11]} 18. Nd5 {[%clk 0:51:30]} Nxd5 {[%clk 0:14:19]} 19. exd5
{[%clk 0:51:07]} Rfe8 {[%clk 0:09:23]} 20. Nd2 {[%clk 0:37:47]} f5
{[%clk 0:04:37]} 21. f4 {[%clk 0:32:27]} gxf4 {[%clk 0:01:37]} 22. Bxf4
{[%clk 0:30:05]} Qh4 {[%clk 0:00:44]} 23. Be3 {[%clk 0:28:15]} exd4
{[%clk 0:00:44]} 24. Bf2 {[%clk 0:28:43]} Rxe2 {[%clk 0:01:02]} 25. Bxh4
{[%clk 0:29:00]} Rxe1+ {[%clk 0:00:56]} 26. Rxe1 {[%clk 0:29:21]} Ne5
{[%clk 0:01:11]} 27. Rf1 {[%clk 0:25:05]} Ng6 {[%clk 0:01:14]} 28. Bg3
{[%clk 0:23:35]} f4 {[%clk 0:01:04]} 29. Bxf4 {[%clk 0:16:27]} Nxf4 30. Rxf4
{[%clk 0:16:50]} Re8 {[%clk 0:00:38]} 31. Kf2 {[%clk 0:12:09]} Be5
{[%clk 0:30:30]}  1-0

[Event "European Senior Team Championship 2021"]
[Site "Don Giovanni hotel, Vinohradska 2733, Prague, Czech Republic"]
[Date "2021.09.04"]
[Round "6"]
[Board "4"]
[White "Korinkova, Eva"]
[Black "Sysr, Pavel"]
[Result "1-0"]
[WhiteElo "1801"]
[BlackElo "1563"]
[PlyCount "0"]
[EventDate "2021.08.30"]
[EventType "team"]
[EventRounds "9"]
[EventCountry "ECX"]
[WhiteTeam "KSS VYSOCINA"]
[BlackTeam "MAKKABI BOSKOVICE"]

1. e4 {[%clk 1:30:54]} e6 {[%clk 1:30:45]} 2. d4 {[%clk 1:31:18]} d5
{[%clk 1:31:11]} 3. e5 {[%clk 1:31:44]} c5 {[%clk 1:31:36]} 4. c3
{[%clk 1:31:52]} Nc6 {[%clk 1:32:01]} 5. Nf3 {[%clk 1:32:03]} Qb6
{[%clk 1:32:16]} 6. Be2 {[%clk 1:28:46]} cxd4 {[%clk 1:32:11]} 7. cxd4
{[%clk 1:28:49]} Bb4+ {[%clk 1:32:06]} 8. Nc3 {[%clk 1:28:16]} Nge7
{[%clk 1:30:06]} 9. a3 {[%clk 1:28:11]} Bxc3+ {[%clk 1:30:26]} 10. bxc3
{[%clk 1:28:40]} Bd7 {[%clk 1:29:16]} 11. O-O {[%clk 1:26:40]} Na5
{[%clk 1:26:06]} 12. Nd2 {[%clk 1:16:21]} Rc8 {[%clk 1:23:08]} 13. Rb1
{[%clk 1:13:41]} Qc7 {[%clk 1:21:28]} 14. Bb2 {[%clk 1:11:45]} Ng6
{[%clk 1:19:11]} 15. f4 {[%clk 1:07:10]} Qd8 {[%clk 1:12:38]} 16. Bd3
{[%clk 0:56:41]} f5 {[%clk 1:05:08]} 17. exf6 {[%clk 0:45:00]} Qxf6
{[%clk 1:04:00]} 18. Qh5 {[%clk 0:36:21]} O-O {[%clk 0:59:25]} 19. g3
{[%clk 0:33:22]} Be8 {[%clk 0:52:01]} 20. Qh3 {[%clk 0:26:46]} Bf7
{[%clk 0:47:25]} 21. Nf3 {[%clk 0:15:28]} h6 {[%clk 0:44:08]} 22. Rbe1
{[%clk 0:13:16]} Rfe8 {[%clk 0:40:54]} 23. Qg2 {[%clk 0:07:34]} a6
{[%clk 0:37:53]} 24. Qc2 {[%clk 0:06:39]} Nc4 {[%clk 0:36:17]} 25. Bc1
{[%clk 0:06:33]} Nf8 {[%clk 0:36:10]} 26. Qb1 {[%clk 0:04:19]} b5
{[%clk 0:34:50]} 27. Qb4 {[%clk 0:03:59]} Bg6 {[%clk 0:32:40]} 28. Bxg6
{[%clk 0:03:18]} Qxg6 {[%clk 0:32:41]} 29. a4 {[%clk 0:03:09]} Rb8
{[%clk 0:31:30]} 30. axb5 {[%clk 0:03:00]} Rxb5 {[%clk 0:31:42]} 31. Qa4
{[%clk 0:03:16]} Rb6 {[%clk 0:28:57]} 32. Nh4 {[%clk 0:02:55]} Qf7
{[%clk 0:28:44]} 33. f5 {[%clk 0:03:19]} Qd7 {[%clk 0:27:37]} 34. Qc2
{[%clk 0:02:21]} exf5 {[%clk 0:23:52]} 35. Rxe8 {[%clk 0:02:40]} Qxe8
{[%clk 0:24:12]} 36. Qxf5 {[%clk 0:02:57]} Ne3 {[%clk 0:22:50]} 37. Bxe3
{[%clk 0:02:01]} Qxe3+ {[%clk 0:23:11]} 38. Rf2 {[%clk 0:02:15]} Rf6
{[%clk 0:16:28]} 39. Qxd5+ {[%clk 0:02:19]} Kh8 {[%clk 0:15:16]} 40. Qa2
{[%clk 0:01:01]} Qxc3 {[%clk 0:12:53]} 41. Rxf6 {[%clk 0:00:47]} Qxd4+
{[%clk 0:13:03]} 42. Rf2 {[%clk 0:01:12]}  1-0